[Event "ARG-ch U20"]
[Site "Buenos Aires"]
[Date "2023.02.17"]
[Round "2"]
[White "Bonabello Rezinovsky, Samuel Alejandro"]
[Black "Ruiz, Juan Ignacio"]
[Result "0-1"]
[WhiteElo "1556"]
[BlackElo "1916"]
[PlyCount "86"]
[EventDate "2023.02.17"]
[EventType "swiss"]
[EventRounds "9"]
[EventCountry "ARG"]
[SourceTitle "EXT 2024"]
[Source "ChessBase"]
[SourceDate "2023.10.10"]
[SourceVersion "1"]
[SourceVersionDate "2023.10.10"]
[SourceQuality "1"]

1. e4 c5 2. Nf3 d6 3. Bc4 e6 4. d3 Nf6 5. Be3 a6 6. c3 b5 7. Bb3 Bb7 8. Nbd2 Be7 9. h3 d5 10. e5 Nfd7 11. d4 Nc6 12. a4 b4 13. c4 cxd4 14. Bf4 Nc5 15. Qe2 Na5 16. Ba2 b3 17. Bb1 dxc4 18. 0-0 c3 19. bxc3 dxc3 20. Ne4 c2 21. Bxc2 bxc2 22. Nxc5 Bxc5 23. Qxc2 Rc8 24. Rfd1 Qc7 25. Rac1 Bxf3 26. gxf3 0-0 27. Be3 Nb7 28. f4 Rfd8 29. Rxd8+ Qxd8 30. Rd1 Qc7 31. Rc1 g6 32. Qd3 Qc6 33. Qb3 Qd5 34. Qc2 Rd8 35. Bxc5 Rc8 36. Qb1 Rxc5 37. Rd1 Qc6 38. Qb2 Rc2 39. Qb3 Rc1 40. Rxc1 Qxc1+ 41. Kh2 Qxf4+ 42. Kg1 Nc5 43. Qc3 Qxf2+ 0-1